000 00511nam a2200169 4500
001 4765
005 20181127174043.0
020 0 0 _a9788131604144
090 0 0 _a304.6 D998p 2010
100 0 0 _aDyson, Tim.
245 0 0 _aPopulation and development :
_bthe demographic transition /
_cTim Dyson.
_h
260 0 0 _aJaipur :
_bRawat Publication,
_c2010.
300 0 0 _a267 p. ; 25 cm.
650 0 0 _aEconomic development --Social aspects.
_x
650 0 0 _aPopulation --Economic aspects.
_x
650 0 0 _aSouthern Hemisphere.
_x
999 _c3953
_d3953